000 00723nam a2200181 a 4500
008 170314s2013 ||||||||||||||||| || u
020 _a9789350258668
050 _aRD 686 Mac
100 _aMcCann, Peter D
245 1 0 _aVideo atlas of shoulder surgery
_cEdited By Peter D McCann
260 _aNew Delhi:
_bJaypee Brothers Medical publishers
_c2013
300 _axxiii, 228p.: ill.
350 _a660.00
500 _aIncludes 8 interactive DVD-ROMs
650 _aJOINTS--SURGERY--ATLASES
650 _aJOINT DISEASE--SURGERY--ATLASES
995 _aMEDICAL LIBRARY OPEN ACCESS
_e903657
_FCBU-SCHOOL OF MEDICINE LIBRARY (Ndola)
_I660.00
_jRD 686 Mac
_M1
_UAVAILABLE
_WMar 16, 2017
_y903657
_ZMedical Library Open Access Collection
999 _c32976
_d32976